| 000 | 00392cam a22001457a 4500 | ||
|---|---|---|---|
| 008 | 180718b1962 xxu||||| |||| 00| 0 eng d | ||
| 082 | _aN11x4 M917 | ||
| 100 | _aMulley, F.W. | ||
| 245 |
_aPolitics of western defence _cby F.W. Mulley |
||
| 260 |
_aLondon _bThames _c1962 |
||
| 300 | _a282p. | ||
| 500 | _a30/- | ||
| 650 | _aNorth Atlantic Treaty Organisation | ||
| 650 | _aMilitarism - Europe | ||
| 999 |
_c374438 _d374438 |
||